<?xml version="1.0" encoding="UTF-8"?>
<record
    xmlns:xsi="http://www.w3.org/2001/XMLSchema-instance"
    xsi:schemaLocation="http://www.loc.gov/MARC21/slim http://www.loc.gov/standards/marcxml/schema/MARC21slim.xsd"
    xmlns="http://www.loc.gov/MARC21/slim">

  <leader>01088cam a22002531a 4500</leader>
  <controlfield tag="001">82488</controlfield>
  <controlfield tag="003">BD-RjUL</controlfield>
  <controlfield tag="005">20231218113534.0</controlfield>
  <controlfield tag="008">831209s1969    ir            000 0 per d</controlfield>
  <datafield tag="035" ind1=" " ind2=" ">
    <subfield code="a">(BD-RjUL)82488</subfield>
  </datafield>
  <datafield tag="040" ind1=" " ind2=" ">
    <subfield code="a">CGU</subfield>
    <subfield code="b">eng</subfield>
    <subfield code="c">CGU</subfield>
    <subfield code="d">OCLCO</subfield>
    <subfield code="d">DLC</subfield>
  </datafield>
  <datafield tag="041" ind1=" " ind2=" ">
    <subfield code="a">per</subfield>
  </datafield>
  <datafield tag="082" ind1=" " ind2=" ">
    <subfield code="2">23</subfield>
    <subfield code="a">891.551</subfield>
    <subfield code="b">FAM 1969</subfield>
  </datafield>
  <datafield tag="100" ind1=" " ind2=" ">
    <subfield code="a">&#x200F;&#x641;&#x631;&#x648;&#x632;&#x627;&#x646;&#x641;&#x631;&#x60C; &#x628;&#x62F;&#x649;&#x639; &#x627;&#x644;&#x632;&#x645;&#x627;&#x646;.  ;;  Fur&#x16B;z&#x101;nfar, Bad&#x12B;&#x2BB; al-Zam&#x101;n</subfield>
    <subfield code="9">10581</subfield>
  </datafield>
  <datafield tag="245" ind1="1" ind2="0">
    <subfield code="a">&#x200F;&#x645;&#x622;&#x62E;&#x630; &#x642;&#x635;&#x635; &#x648; &#x62A;&#x645;&#x62B;&#x649;&#x644;&#x627;&#x62A; &#x645;&#x62B;&#x646;&#x648;&#x649;  ;;  Ma&#x2BC;&#x101;khiz&#x332;-i qi&#x1E63;a&#x1E63; va tams&#x332;&#x12B;l&#x101;t-i Mas&#x332;nav&#x12B; /</subfield>
    <subfield code="c">&#x200F;&#x62A;&#x623;&#x644;&#x64A;&#x641; &#x628;&#x62F;&#x649;&#x639; &#x627;&#x644;&#x632;&#x645;&#x627;&#x646; &#x641;&#x631;&#x648;&#x632;&#x627;&#x646;&#x641;&#x631;.  ;; ta&#x2BC;l&#x12B;f-i Bad&#x12B;&#x2BB; al-Zam&#x101;n Fur&#x16B;z&#x101;nfar.</subfield>
  </datafield>
  <datafield tag="250" ind1=" " ind2=" ">
    <subfield code="a">Ch&#x101;p-i 2.</subfield>
  </datafield>
  <datafield tag="260" ind1=" " ind2=" ">
    <subfield code="a">[Tihr&#x101;n] :</subfield>
    <subfield code="b">[Am&#x12B;r Kab&#x12B;r],</subfield>
    <subfield code="c">[1347 i.e. 1969]</subfield>
  </datafield>
  <datafield tag="300" ind1=" " ind2=" ">
    <subfield code="a">4, 265 pages ;</subfield>
    <subfield code="c">25 cm</subfield>
  </datafield>
  <datafield tag="490" ind1=" " ind2=" ">
    <subfield code="a">&#x627;&#x646;&#x62A;&#x634;&#x627;&#x631;&#x627;&#x62A; &#x62F;&#x627;&#x646;&#x634;&#x6AF;&#x627;&#x647; &#x62A;&#x647;&#x631;&#x627;&#x646;  ; </subfield>
    <subfield code="v">214</subfield>
  </datafield>
  <datafield tag="600" ind1="0" ind2="0">
    <subfield code="a">Jal&#x101;l al-D&#x12B;n R&#x16B;m&#x12B;,&#x62C;&#x644;&#x627;&#x644; &#x627;&#x644;&#x62F;&#x649;&#x646; &#x631;&#x648;&#x645;&#x649;&#x60C;.&#x200F;</subfield>
    <subfield code="c">Maulana,</subfield>
    <subfield code="d">1207-1273.</subfield>
    <subfield code="t">Mas&#x332;nav&#x12B;.&#x200F;&#x645;&#x62B;&#x646;&#x648;&#x649;.</subfield>
    <subfield code="9">10582</subfield>
  </datafield>
  <datafield tag="830" ind1=" " ind2=" ">
    <subfield code="a">; &#x627;&#x646;&#x62A;&#x634;&#x627;&#x631;&#x627;&#x62A; &#x62F;&#x627;&#x646;&#x634;&#x6AF;&#x627;&#x647; &#x62A;&#x647;&#x631;&#x627;&#x646;</subfield>
    <subfield code="v">214</subfield>
    <subfield code="9">10583</subfield>
  </datafield>
  <datafield tag="942" ind1=" " ind2=" ">
    <subfield code="2">ddc</subfield>
    <subfield code="c">BK</subfield>
  </datafield>
  <datafield tag="999" ind1=" " ind2=" ">
    <subfield code="c">82488</subfield>
    <subfield code="d">82488</subfield>
  </datafield>
  <datafield tag="952" ind1=" " ind2=" ">
    <subfield code="0">0</subfield>
    <subfield code="1">0</subfield>
    <subfield code="2">ddc</subfield>
    <subfield code="4">0</subfield>
    <subfield code="7">1</subfield>
    <subfield code="8">NFIC</subfield>
    <subfield code="a">RUCL</subfield>
    <subfield code="b">RUCL</subfield>
    <subfield code="c">Reading</subfield>
    <subfield code="d">2023-12-18</subfield>
    <subfield code="l">0</subfield>
    <subfield code="o">F 891.551 FAM 1969</subfield>
    <subfield code="r">2023-12-18 00:00:00</subfield>
    <subfield code="t">C-1</subfield>
    <subfield code="w">2023-12-18</subfield>
    <subfield code="y">BK</subfield>
  </datafield>
</record>
